000 00279nam a22000857a 4500
008 160629b xxu||||| |||| 00| 0 eng d
100 _91302
_a Tayal, B.B., et al
245 _aIndian National Movement World Organisations and Civics - X
260 _aNew Delhi
_bAvichal Publications
_c2001
999 _c1067
_d1067